000 00293nam a2200121 a 4500
005 20141022142006.0
008 080922s19uu xx 00 eng d
050 _aVCD
_bS3 2003
245 _aThe silence of the lambs.
650 _aVCD.
650 _aThe silence of the lambs.
942 _cAVM
999 _c276503
_d276503